000 00221nam a2200097Ia 4500
008 170619s9999 xx 000 0 und d
100 _aPRATAP- RUDRA
245 0 _aGetting Started with MATLAB
260 _bOxford
260 _c2010
546 _aENGLISH
999 _c20850
_d20850